Tabliczka mnożenia - Statystyki

Ogólne statystyki
  • Ten quiz został rozwiązany 24 644 razy
  • Średni wynik to 90 z 100
Statystyki odpowiedzi
Hint Odpowiedź % Poprawnych
1x1 1
100%
1x10 10
100%
1x2 2
100%
1x3 3
100%
1x4 4
100%
1x5 5
100%
1x6 6
100%
1x7 7
100%
1x8 8
100%
1x9 9
100%
2x5 10
99%
2x6 12
99%
2x7 14
99%
2x1 2
99%
2x2 4
99%
2x3 6
99%
2x4 8
99%
2x8 16
98%
2x9 18
98%
2x10 20
98%
3x1 3
98%
3x2 6
98%
3x3 9
98%
3x4 12
97%
3x5 15
97%
3x6 18
97%
3x7 21
96%
3x8 24
96%
3x10 30
96%
4x3 12
95%
3x9 27
95%
4x1 4
95%
4x2 8
95%
4x4 16
94%
4x5 20
94%
4x6 24
94%
4x7 28
94%
5x2 10
93%
5x3 15
93%
5x4 20
93%
5x5 25
93%
5x6 30
93%
4x8 32
93%
5x7 35
93%
4x9 36
93%
4x10 40
93%
5x8 40
93%
5x9 45
93%
5x1 5
93%
5x10 50
93%
6x1 6
93%
6x2 12
92%
6x3 18
92%
6x4 24
92%
6x5 30
92%
6x6 36
92%
6x7 42
91%
6x8 48
91%
6x10 60
91%
7x2 14
90%
7x3 21
90%
6x9 54
90%
7x1 7
90%
7x4 28
89%
7x5 35
89%
7x6 42
88%
7x7 49
88%
8x2 16
87%
7x8 56
87%
7x10 70
87%
8x1 8
87%
8x3 24
86%
7x9 63
86%
8x4 32
85%
8x5 40
84%
8x6 48
83%
8x7 56
82%
8x8 64
82%
8x10 80
82%
9x1 9
82%
9x2 18
81%
8x9 72
81%
9x3 27
80%
9x4 36
79%
9x5 45
79%
9x6 54
77%
9x7 63
76%
10x1 10
75%
10x2 20
75%
10x3 30
75%
9x8 72
75%
9x9 81
75%
9x10 90
75%
10x10 100
74%
10x4 40
74%
10x5 50
74%
10x6 60
74%
10x7 70
74%
10x8 80
73%
10x9 90
73%
Nie znaleziono quizów pasujących do podanych kryteriów
Rozkład punktacji
Procent ludzi z każdym wynikiem
Percentyl według liczby udzielonych odpowiedzi
Twoja historia wyników
Nie rozwiązałeś tego quizu